Kinh tế tri thức : Thời cơ và thách thức đối với sự phát triển của Việt Nam

Nội dung sách giới thiệu khái niệm, đặc trưng, lịch sử hình thành và phát triển của kinh tế tri thức, kinh nghiệm phát triển kinh tế tri thức của một số nước. Đặc biệt, trên cơ sở trình bày thực trạng nền kinh tế Việt Nam. Cuốn sách đ...

ver descrição completa

Na minha lista:
Detalhes bibliográficos
Autor principal: Đặng, Hữu
Formato: Livro
Idioma:Undetermined
Publicado em: Hà Nội Chính trị Quốc gia 2004
Assuntos:
Tags: Adicionar Tag
Sem tags, seja o primeiro a adicionar uma tag!
Thư viện lưu trữ: Trung tâm Học liệu Trường Đại học Cần Thơ
LEADER 01233nam a2200229Ia 4500
001 CTU_110957
008 210402s9999 xx 000 0 und d
020 |c 36000 
082 |a 001.2 
082 |b H566 
100 |a Đặng, Hữu 
245 0 |a Kinh tế tri thức : 
245 0 |b Thời cơ và thách thức đối với sự phát triển của Việt Nam 
245 0 |c Đặng Hữu 
260 |a Hà Nội 
260 |b Chính trị Quốc gia 
260 |c 2004 
520 |a Nội dung sách giới thiệu khái niệm, đặc trưng, lịch sử hình thành và phát triển của kinh tế tri thức, kinh nghiệm phát triển kinh tế tri thức của một số nước. Đặc biệt, trên cơ sở trình bày thực trạng nền kinh tế Việt Nam. Cuốn sách đưa ra những gợi ý và định hướng, giải pháp phát triển kinh tế tri thức của một số nước 
650 |a Information technology,Information services industry,Knowledge 
650 |x Economic aspects 
904 |i Mai Loan 
980 |a Trung tâm Học liệu Trường Đại học Cần Thơ